Goverment of Dubai : Department of Economic Development.
| Format: | Book |
|---|---|
| Published: |
Dubai:
Al Nisr Publishing,
2000.
|
| Subjects: |
| LEADER | 00430cam a2200133 7i4500 | ||
|---|---|---|---|
| 001 | 0000013222 | ||
| 005 | 20040115090000.0 | ||
| 090 | 0 | 0 | |a UAE 338.9 |b GOV |
| 245 | 0 | 0 | |a Goverment of Dubai : |b Department of Economic Development. |
| 260 | 0 | 0 | |a Dubai: |b Al Nisr Publishing, |c 2000. |
| 300 | # | # | |a 74 p. |
| 650 | 0 | 0 | |a Economic development -- |z United Arab Emirates |
| 651 | 0 | 0 | |a United Arab Emirates |
| 999 | |a 0000012573 |b Book |c Book |e Business Information Centre | ||